La causa republicana en el Cádiz de la Restauración : (Record no. 184037)

MARC details
000 -LEADER
campo de control de longitud fija 01081nam a2200277 i 4500
001 - NÚMERO DE CONTROL
campo de control 184037
003 - IDENTIFICADOR DE NÚMERO DE CONTROL
campo de control ES-MaACL
005 - FECHA Y HORA DE LA ÚLTIMA TRANSACCIÓN
campo de control 20251010161413.0
007 - CAMPO FIJO DE DESCRIPCIÓN FÍSICA--INFORMACIÓN GENERAL
campo de control de longitud fija t|
008 - DATOS DE LONGITUD FIJA--INFORMACIÓN GENERAL
campo de control de longitud fija 150224 2014 sp |||| | spa d
020 ## - NÚMERO INTERNACIONAL ESTÁNDAR DEL LIBRO
Número Internacional Estándar del Libro 978-84-61697-79-3
080 ## - NÚMERO DE LA CLASIFICACIÓN DECIMAL UNIVERSAL
Número de la Clasificación Decimal Universal 929 Rodríguez Piñero, Manuel
080 ## - NÚMERO DE LA CLASIFICACIÓN DECIMAL UNIVERSAL
Número de la Clasificación Decimal Universal 94(460.355)"18/19"
100 1# - ENTRADA PRINCIPAL--NOMBRE DE PERSONA
Nombre de persona Orgambides, Fernando (
Fechas asociadas al nombre 1954-)
9 (RLIN) 156433
245 13 - MENCIÓN DEL TÍTULO
Título La causa republicana en el Cádiz de la Restauración :
Resto del título Manuel Rodríguez Piñero (1872-1929) /
Mención de responsabilidad, etc. Fernando Orgambides ; con prólogo de Bartolomé Clavero.
260 ## - PUBLICACIÓN, DISTRIBUCIÓN, ETC.
Lugar de publicación, distribución, etc. [Barcelona] :
Nombre del editor, distribuidor, etc. Santbooks,
Fecha de publicación, distribución, etc. 2014.
300 ## - DESCRIPCIÓN FÍSICA
Extensión 317 p. ;
Dimensiones 21 cm.
504 ## - NOTA DE BIBLIOGRAFÍA, ETC.
Nota de bibliografía, etc. Bibliografía: p. 307-317.
600 17 - PUNTO DE ACCESO ADICIONAL DE MATERIA--NOMBRE DE PERSONA
Nombre de persona Rodríguez Piñero, Manuel,
Fechas asociadas al nombre 1872-1929
Fuente del encabezamiento o término
9 (RLIN) 156434
651 #4 - PUNTO DE ACCESO ADICIONAL DE MATERIA--NOMBRE GEOGRÁFICO
Nombre geográfico Cádiz-
Subdivisión general Historia.
9 (RLIN) 143770
700 0# - ENTRADA AGREGADA--NOMBRE PERSONAL
Nombre de persona Clavero, Bartolomé.
9 (RLIN) 39130
852 ## - LOCALIZACIÓN
Ubicación ES-MaACL
Número de control de estantería A-13415
itemnumber 191003
Sublocalización o colección R.150179
Ubicación en estantería Depósito 1
Signatura antigua Olim: N-6415
Anotaciones manuscritas Dedicatoria autógrafa del autor
Donativo/Legado Donación: Fernando Orgambides
903 ## - NOMBRE PERSONAL DE DONANTE
9 156433
a Orgambides, Fernando (
d 1954-)
e Donante
942 ## - ELEMENTOS DE ENTRADA SECUNDARIOS (KOHA)
Fuente del sistema de clasificación o colocación Clasificación decimal universal
Tipo de ítem Koha Libro impreso
Holdings
Estatus retirado Estado de pérdida Fuente del sistema de clasificación o colocación Estado de daño No para préstamo Colección Biblioteca de origen Biblioteca actual Ubicación en estantería Fecha de adquisición Fuente de adquisición Total de préstamos Signatura topográfica completa Código de barras Visto por última vez Precio de reemplazo Tipo de ítem Koha Nota pública
    Clasificación decimal universal     Libros con dedicatorias Biblioteca del Ateneo de Madrid Biblioteca del Ateneo de Madrid Depósito 1 24/02/2015 Donación   A-13415 1193524 23/02/2023 23/02/2023 Libro impreso Dedicatoria autógrafa del autor